Pacific States/Provinces - Statistics

General Stats
  • This quiz has been taken 81 times
  • The average score is 10 of 11
Answer Stats
Hint Answer % Correct
US California
97%
US Washington
97%
US Hawaii
95%
US Oregon
95%
US Alaska
93%
CA British Columbia
92%
AU New South Wales
90%
AU Tasmania
87%
AU Queensland
84%
AU Victoria
82%
AU Northern Territory
64%
No matching quizzes found
Score Distribution
Percent of People with Each Score
Percentile by Number Answered
Your Score History
You have not taken this quiz